Nommez une rivière française valide A-Z - Noms de département exclus - Statistiques

Statistiques générales
  • Ce quiz a été pris 52 fois
  • Le résultat moyen est 8 sur 25
Statistiques - réponses
Lettre # Réponse % Correct
A 83 Aa | Aber-Benoît | Aber-Ildut | Aber-Wrac'h | Abloux | Acarouany | Acheneau | Acolin | Adour | Aff | Agly | Agout | Ailette | Aille | Airain | Aire | Airon | Aixette | Alagnon | Albarine | Albe | Alène | Allaine | Almont | Alzou | Ance | Ancre | Andelle | Andelot | Ange | Anglin | Anguison | Apance | Approuague | Arataye | Arc | Arconce | Ardière | Ardour | Argens | Argenton | Arguenon | Arize | Arly | Armance | Armançon | Arn | Arnon | Arnoult | Aroffe | Aron | Arrats | Arros | Arroux | Ars | Artuby | Arve | Arz | Asco | Aubetin | Augronne | Aujon | Aulne | Aumance | Aure | Auron | Auroue | Authie | Authion | Authre | Automne | Auvézère | Auxances | Auxois | Auzance | Auze | Auzoue | Avance | Aven | Avre | Avre | Ay | Azergues
79%
V 53 Vaige | Vair | Vallière | Valouse | Valserine | Vanne | Varenne | Vaucouleurs | Vaudelle | Vauvise | Vaux | Vèbre | Vecchio | Vègre | Vence | Vendée | Verdon | Vère | Vern | Vernaison | Véronne | Verzée | Vesgre | Vesle | Vésubie | Veuve | Veyle | Veynon | Vézère | Vezouze | Vianon | Viaur | Vicoin | Vidourle | Vie | Vière | Vimbelle | Vincou | Vingeanne | Viosne | Vioulou | Vire | Virenque | Vis | Vistre | Voire | Voise | Vologne | Vonne | Voueize | Vouge | Voulzie | Vrin
66%
D 33 Dadou | Dessoubre | Deûle | Dheune | Dhuis | Diège | Dive | Dives | Divette | Dognon | Doller | Don | Dore | Doron de Beaufort | Doron de Bozel | Dourbie | Dourdou de Camarès | Dourdou de Conques | Doustre | Douve | Doux | Douze | Drac | Dragne | Dranse | Drée | Dronne | Dropt | Drugeon | Duche | Durance | Durdent | Durgeon
64%
L 45 Laignes | Lanterne | Largue | Lary | Lathan | Lauch | Lawe | Lay | Layon | Lède | Léez | Leff | Léguer | Lemboulas | Lendou | Leysse | Lez | Lez | Lèze | Liamone | Liane | Libron | Lidoire | Lié | Liège | Liepvrette | Lignon du Forez | Lignon du Velay | Linon | Lison | Livenne | Lizonne | Loing | Loison | Loue | Loue | Louge | Loup | Louyre | Loyre | Lunain | Luy | Luy de Béarn | Luy de France | Luzège | Lys
60%
B 58 Baïse | Baïsole | Bandiat | Bar | Barbanne | Barbuise | Barguelonne | Barse | Bave | Beauronne | Bélon | Benaize | Bénovie | Bès | Besbre | Béthune | Beune | Beuvron | Bevinco | Bèze | Bidassoa | Bidouze | Bienne | Bièvre | Bièvre | Blaise | Blavet | Bléone | Blies | Boivre | Bonnieure | Borne | Borne | Borrèze | Bouble | Boucheuse | Boudigau | Boulès | Boulogne | Boulou | Bourbince | Bourbre | Bourne | Boutonne | Bouzanne | Bradascou | Brame | Bravona | Braye | Brêche | Brenne | Brenne | Bresle | Breuchin | Brézou | Briance | Bruche | Bruxenelle | Buëch | Burande
53%
I 10 Ill | Incon | Inini | Indrois | Iracoubo | Isac | Isch | Isle | Iton | Ixeure
51%
M 35 Madon | Madrange | Mahury | Mamoul | Mana | Mance | Manoire | Marilhou | Marmande | Maronne | Maroni | Marque | Mars | Maulde | Mauldre | Maumont | Maye | Méouzette | Merdereau | Mesvrin | Meu | Midouze | Minette | Moder | Moine | Montane | Rivière de Montsinéry | Morge | Morge | Moron | Mortagne | Morthe | Moselotte | Mosson | Mouzon
47%
O 30 Odet | Ognon | Oignin | Orain | Orb | Orbiel | Orbieu | Orge | Ornain | Orne champenoise | Orne saosnoise | Orthe | Osse | Ostriconi | Othain | Ouanary | Ouanne | Ouaqui | Ouche | Oudon | Ouette | Ougeotte | Ourajoux | Ource | Ourcq | Oust | Ouvèze | Ouysse | Oyapock | Ozanne
47%
S 71 Saâne | Saint-Bonnette | Saint-Geyrac | Saire | Saison | Salat | Salleron | Salon | Sambre | Sâne Morte | Sâne Vive | Sânon | Santoire | Saônelle | Sarre | Sarsonne | Sauer | Sauldre | Saulière | Saulx | Save | Savoureuse | Saye | Scarpe | Scie | Scorff | Sédelle | Sée | Sègre | Seiche | Seignal | Seille | Seille | Selle | Sélune | Selves | Semine | Semme | Semnon | Semois | Semouse | Senouire | Séoune | Serein | Serre | Seudre | Seuge | Seugne | Seulles | Sevron | Siagne | Sienne | Sinnamary | Sioule | Slack | Smagne | Solnan | Solre | Soude | Sor | Sorgue | Sormonne | Sornin | Sou de Val de Daigne | Souche | Soudaine | Sourdoire | Suippe | Sumène | Suran | Surmelin
47%
Y 10 Yaloupi | Yères | Yerre | Yerres | Yèvre | Yon | Yron | Yser | Yvette | Yzeron
45%
G 31 Gabas | Galaure | Gapeau | Gardon d’Alès | Gardonnette | Gartempe | Gave d'Aspe | Gave d'Oloron | Gave d'Ossau | Gave de Pau | Gélise | Gère | Gesse | Gestas | Gier | Giessen | Giffre | Gijou | Gimone | Girou | Golo | Gouessant | Gouët | Goul | Grand Morin | Gravona | Grolle | Grosne | Guiers | Guil | Guindy
43%
T 36 Tampok | Taravo | Tardes | Tardoire | Tarentaine | Tarnon | Taurion | Tavignano | Tech | Ternin | Ternoise | Têt | Thar | Thérain | Thin | Tholon | Thon | Thoré | Thouaret | Thouet | Thur | Tialle | Tille | Tinée | Tolerme | Touch | Touloubre | Touques | Tourmente | Tourmente | Touvre | Travo | Trieux | Triouzoune | Truyère | Tude
40%
E 24 Eau Bourde | Écaillon | Échandon | Échez | Egvonne | Eichel | Élorn | Engranne | Epte | Erdre | Ernée | Erve | Escaut | Esch | Esches | Estampon | Estéron | Etze | Ével | Èvre | Eygues | Eyraud | Eyre | Eyrieux
38%
C 56 Cagne | Camopi | Cance | Canche | Caudeau | Rivière de Cayenne | Célé | Celle | Céor | Céou | Cère | Cérou | Cesse | Cèze | Chalaronne | Chapeauroux | Charentonne | Chassezac | Chavanon | Chée | Chéran | Chère | Chiers | Choisille | Ciron | Cisse | Claie | Clain | Claise | Clarence | Clidane | Clouère | Coise | Colagne | Côle | Colmont | Combade | Combeauté | Comté | Côney | Conie | Conne | Cosson | Couesnon | Coulazou | Coulon | Cousances | Cousin | Couze | Couze Chambon | Couze Pavin | Crempse | Crieulon | Crusnes | Cuisance | Cure
34%
R 27 Rabodeau | Rance | Rance | Rémarde | Rère | Réveillon | Reyssouze | Rhins | Rhônelle | Rhôny | Rhue | Risle | Rivière d'Auray | Rivière d'Étel | Rizonne | Rizzanese | Roanne | Rognon | Romanche | Roya | Rozeille | Ru de Gally | Ruisseau d'Escalmels | Ruisseau de Neuffonds | Ruisseau de Roannes | Ruisseau des Forges | Rupt de Mad
26%
N 12 Nartuby | Nave | Né | Neste | Neste du Louron | Nied | Ninian | Nive | Nivelle | Nohain | Nonette | Noue
21%
H 11 Helpe Majeure | Helpe Mineure | Hem | Hérisson | Hers-Mort | Hers-Vif | Houille | Hozain | Huisne | Huveaune | Hyrôme
19%
U 1 Ubaye
13%
F 11 Falleron | Fango | Fecht | Fier | Figarella | Fium'Alto | Fiumorbo | Fouzon | Fresquel | Fure | Fusain
11%
J 5 Jaudy | Jeune Autize | Jordanne | Jouanne | Juine
9%
P 13 Paillon | Palais | Palais | Petit Buëch | Petit Morin | Petite Baïse | Petite Creuse | Petite Rhue | Petite Sauldre | Pique | Plaine | Porto | Prunelli
6%
K 3 Kourcibo | Kourou | Kourouaï
4%
Q 1 Queugne
2%
W 4 Weiss | Wimereux | Wiseppe | Woigot
2%
Z 1 Zorn
2%
Aucun quiz correspondant
Distribution des résultats
% des personnes avec chaque résultat
Percentile par nombre de réponses
Votre historique - résultats
Vous n’avez pas pris ce quiz